[Event "American Continental 3rd"]
[Site "Buenos Aires"]
[Date "2005.08.09"]
[Round "4"]
[White "Shabalov, Alexander"]
[Black "Garcia, Gildardo"]
[Result "1-0"]
[WhiteElo "2593"]
[BlackElo "2453"]
[Annotator "Mikhalevski,V"]
[PlyCount "91"]
[EventDate "2005.08.06"]
[EventType "swiss"]
[EventRounds "11"]
[EventCountry "ARG"]
[SourceTitle "CBM 109"]
[Source "ChessBase"]
[SourceDate "2005.11.14"]
[SourceVersion "1"]
[SourceVersionDate "2005.11.14"]
[SourceQuality "1"]

1. e4 e5 2. Nf3 Nc6 3. Bb5 a6 4. Ba4 Nf6 5. O-O Nxe4 6. d4 b5 7. Bb3 d5 8. dxe5
Be6 9. Be3 Bc5 10. Qe2 O-O 11. Rd1 Bxe3 {This move was never popular, although
even Smyslov tested it once. Nevertheless it deserves attention.} ({In a
recent game Black played} 11... Na5 {1-0 Kotronias,V-Mamedyarov,S, EU-ch 6th
Warsaw 2005/ CBM 108[Mikhalevski,V]. You can also find a detailed information
of the earlier part of the game in there.}) (11... Ne7 {is a more popular
alternative which sometimes leads to the text by transposition.}) 12. Qxe3 Ne7
{[%cal Ge7f5,Gc7c5] Black sends the knight to f5 in order to attack the white
queen and also to advance the c-pawn to c5.} (12... Na5 {is the main
alternative, but as I already wrote the knight looks better on e7.} 13. Nbd2 ({
In case of} 13. Nc3 {Black doesn't experience any problems.} Nxc3 14. Qxc3 c6
15. h3 Qb6 {[%cal Ga8d8] and Black is OK. One of the games in this position
finished very quickly in Black's favour after} 16. Qd3 Rad8 17. c3 Nc4 18. Rab1
$6 f6 $1 19. Bc2 g6 20. exf6 $2 Bf5 $19 21. f7+ Kxf7 {[%csl Rc2] 0-1
Timoshenko,G-Vucic,M/USA 1990/EXT 97 (21)}) 13... Nxd2 14. Rxd2 c6 15. c3 Qc7 {
1-0 Socko,B-Mamedyarov,S/Warsaw POL 2005. and Black doesn't seem to have
serious problems.}) 13. c3 {[%cal Gb3c2] A very rare continuation. White is
intending to attack the e4-knight by means of Bc2 without exchanging it for
his own knight.} ({Usually White challenges the e4-knight at once by means of} 
13. Nbd2 {Below is one of the Classical examples.} Nf5 (13... Nxd2 $143 14.
Rxd2 Nf5 15. Qc5 $14) 14. Qe2 Nxd2 15. Qxd2 {P c3, c2, b4} (15. Rxd2 $143)
15... c6 (15... Qe7 $142 16. Bxd5 $140 $2 Rad8) 16. a4 (16. c3 $6 Nh4) 16...
Qb6 (16... Nh4 $6 17. Nxh4 Qxh4 18. Qc3 {xc6}) (16... Ne7 17. h3) 17. axb5 axb5
18. c3 {with a slight edge for White in the game 1-0 Balashov,Y-Smyslov,V,
Tilburg77/ MCL [Ftacnik]}) 13... Nf5 {[%csl Rc5][%cal Ge4c5] Pushing the queen
from e3 Black frees the c5-square for the other knight.} ({A pawn sacrifice by
means of} 13... c5 14. Bc2 f5 $5 15. exf6 Nf5 16. Qf4 Qxf6 17. Bxe4 dxe4 18.
Qxe4 Rad8 {doesn't seem to be sufficient for equality in view of a simple} 19.
Rxd8 Rxd8 20. Nbd2 Bd5 21. Qf4 $14) 14. Qe2 Nc5 $5 {After the following 15.Bc2
Black will have to move the knight from e4 so why not to do it in advance.} (
14... c6 15. Nbd2 Nc5 16. Bc2 Nd7 17. Nb3 Re8 18. Nbd4 Nxd4 19. cxd4 c5 20.
dxc5 Nxc5 21. h3 Rb8 22. Rd4 f5 23. Rad1 Qe7 24. Qe3 Ne4 25. Bb3 Rbd8 26. a3
Rd7 27. Bxd5 Bxd5 28. Rxd5 Red8 29. Rxd7 Rxd7 30. Rc1 h6 31. Qf4 Qe6 32. g4 g5
33. Qxf5 {1-0 Canizares,F-Villuela Arrollo,R/Aviles 1991/EXT 2004 (33).}) 15.
Bc2 Nh4 $1 {[%csl Re5][%cal Gc5d7] A logical follow-up. Exchanging the knight
Black will try to attack the e5-pawn by means of Nd7.} 16. Nxh4 (16. Nbd2 $5)
16... Qxh4 17. Rd4 {It seems that White prepares f4, however he has a hidden
strong plan behind it. White is going to bring the knight to f3 which will be
followed by Rh4.} Qh6 18. Nd2 {[%cal Gd2f3,Gd4h4]} ({In case of} 18. f4 f6 {
[%cal Gf6e5] Black opens up the position in his favour.}) 18... Rae8 {[%csl
Re5] Black is concentrating on the e5-pawn.} (18... f5 $5 {with the idea to
meet} 19. Nf3 {with} Ne4 {[%cal Gc7c5]}) 19. b4 $1 {[%csl Rc5] White prevents
Black from putting the knight on e4 after a preliminary f5 and also takes
control over the dark squares on the queenside.} Nd7 20. Nf3 $1 {[%csl Rh6,Rh7]
[%cal Gd4h4]} g6 {[%cal Gh6g7,Gf7f6]} (20... f5 $6 {would have nothing in
common with the previous play. Black has to attack the e5-pawn by means of f6.}
) 21. a4 $1 f6 $6 {It wasn't necessary to sacrifice a pawn.} ({Black had to
protect the b5-pawn first and only then to challenge White's centre with f6.} 
21... c6 {[%cal Gf7f6]}) 22. axb5 axb5 23. exf6 Nxf6 ({Now} 23... c6 $4 {
loses to} 24. Rh4 {[%csl Rh6] and the queen is trapped on h6.}) 24. Qxb5 $16 {
White has won a pawn and has a clear advantage.} Nh5 $1 {[%cal Gh5f4] Black is
trying to look for counterplay by means of Nf4.} 25. Re1 $1 Nf4 26. Re3 ({Also
} 26. Bb3 $5 {[%csl Re8][%cal Gb3d5] looks strong keeping the rook on the
first rank for a moment.} Kh8 27. Bxd5 Nxd5 28. Rxd5 Rb8) 26... Ra8 {[%cal
Ga8a2,Ga2a1]} {After this inaccurate move Black gets some play.} 27. Qf1 $2 (
27. g3 $1 {pushing the knight away from a strong outpost on f4 was much
stronger. For example} Ra1+ 28. Bd1 Nh3+ 29. Kg2 g5 {[%cal Gg5g4]} 30. Qc6 $1
Rf6 31. Rxe6 $1 Rxe6 32. Qxd5 $18 {with a decisive advantage for White.}) 27...
Ra2 (27... Bg4 $5) 28. Bb1 Ra3 29. g3 (29. Rxf4 {was also sufficient for a big
advantage, but Shabalov doesn't want to play that because after} Qxf4 30. Rxe6
Rxc3 31. Ba2 $16 {[%csl Rd5,Rf1,Rg1,Rg8][%cal Gc3c1] he loses control over the
first rank.}) 29... Bh3 (29... Nh3+ $5 {leads to a better version of the game
with the white king on h1 and the f2-pawn unprotected, although at the end
White is still better.} 30. Kg2 Nf4+ 31. Kh1 Bh3 32. Qd1 Ng2 33. Red3 $16) 30.
Qd1 Ng2 31. Red3 {[%csl Rg2]} c6 {[%cal Gh6h5]} 32. Ne5 $6 {Both players miss
a nice move from Black which almost forces White to come back to f3.} (32. c4
$5 {was better opening up the position and thus exploiting Black's king.})
32... Re8 $2 {Black misses his chance.} (32... Qg5 $1 33. Nf3 (33. c4 {is
dangerous in view of} Qxe5 $1 34. Rxa3 Re8 $1 {[%csl Rg1][%cal Ge5e1]} 35. f4
Qf6 {[%cal Ge8e1]}) (33. Nxc6 Qf6 {[%csl Rc6,Rf2]}) 33... Qh6) 33. f4 $1 {
White is stabilizing the position in the centre and on the kingside.} Ra1 34.
c4 {Eventually White opens up the position obtaining a decisive advantage.} (
34. b5 $5) 34... g5 35. cxd5 cxd5 (35... gxf4 36. gxf4 $1 {[%cal Gd3g3]}) 36.
Qb3 $5 gxf4 $1 37. Rxd5 $1 {White prepares a discovered check.} Rxb1+ $1 {
An interesting counter chance in the time-trouble.} (37... Be6 38. Kxg2 $18)
38. Qxb1 Qb6+ 39. Kh1 Ne3 $1 {[%csl Rd5][%cal Gh3g2] Suddenly Black created
some threats.} 40. Nd7 $2 {Throws away the advantage, though it was easy to go
wrong after such a dramastic change of events.} (40. Rd7 $1 {[%csl Rh7][%cal
Gd3d6,Gb1a2] would be much stronger.} Bf5 41. Qa2+ Be6 42. Qa5 $1 (42. Qa1 $2 {
is enough only for equality.} Bxd7 43. Rxd7 fxg3 $1)) 40... Bxd7 $2 {This
materialistic approach turns out to be a decisive mistake.} ({After} 40... Qg6
$1 {[%csl Rh1][%cal Gg6e4] White would have to give up some material to save
the king.} 41. Qa2 {[%csl Rg2][%cal Gd5g5]} Be6 (41... Qe4+ $2 42. Kg1 $18) 42.
Rd6 $1 Bxa2 ({or} 42... Qe4+ 43. Kg1 Bxa2 44. Nf6+ Kg7 45. Nxe4 Rxe4 46. gxf4
Bf7 {and Black should be able to keep a draw.}) 43. Rxg6+ hxg6 44. Nf6+ Kf7 45.
Nxe8 Kxe8 46. gxf4 Nd5 47. Rd4 Kd7 $11 {[%csl Rb4][%cal Gd7c6,Gc6b5]}) 41. Rxd7
Qc6+ 42. R3d5 $1 {[%csl Rg8][%cal Gb1h7] It seeems that Black missed this
strong move. Now it's all over.} Re7 $6 ({In case of} 42... Nc2 $1 {White
would still have to solve some problems.} 43. Qb3 (43. Qb2 $5) (43. b5 $5)
43... Re1+ 44. Kg2 Nd4 $1 45. Rc7 $1 f3+ 46. Qxf3 $1 Re2+ 47. Kf1 $1 Re1+ 48.
Kf2 $1 Re2+ 49. Qxe2 Qf6+ 50. Ke1 $1 Nxe2 51. Ra5 $3 {[%cal Ga5a8]} ({After} 
51. Rdd7 $2 Qa1+ 52. Kxe2 Qb2+ 53. Kf3 Qb3+ 54. Kg2 Qa2+ {it's not easy to
escape the checks.}) 51... Qd8 (51... Qf8 $142) 52. Raa7 $1 Nd4 53. Rg7+ Kf8
54. Raf7+ Ke8 55. Rg8+ Kxf7 56. Rxd8 $18) 43. b5 $1 Qf6 (43... Qxd7 44. Rxd7
Rxd7 45. b6 $1 Rd1+ 46. Qxd1 Nxd1 47. b7 $18) 44. R5d6 $1 Qg5 45. Qa2+ Kg7 (
45... Kf8 46. Rd8+ Re8 47. Rxe8+ Kxe8 48. Qe6+ Kf8 (48... Qe7 49. Qg8+ Qf8 50.
Rd8+ $18) 49. Rd7 $1 $18) 46. Qe6 $1 (46. Qe6 $1 Nf5 47. gxf4 $1 Qh4 48. Qe5+
$1 $18) 1-0

[Event "RUS-Cup9"]
[Site "Novgorod"]
[Date "1997.??.??"]
[Round "3"]
[White "Asrian, Karen"]
[Black "Kharitonov, Andrei Y"]
[Result "1/2-1/2"]
[WhiteElo "2440"]
[BlackElo "2520"]
[Annotator "Mikhalevski,V"]
[PlyCount "53"]
[EventDate "1997.06.11"]
[EventType "swiss"]
[EventRounds "9"]
[EventCountry "RUS"]
[SourceTitle "CBM 060"]
[Source "ChessBase"]
[SourceDate "1997.09.29"]
[SourceVersion "1"]
[SourceVersionDate "1997.09.29"]
[SourceQuality "1"]

1. e4 e5 2. Nf3 Nc6 3. Bb5 a6 4. Ba4 Nf6 5. O-O Nxe4 6. d4 b5 7. Bb3 d5 8. dxe5
Be6 9. Be3 Bc5 10. Qe2 O-O 11. Nbd2 Bxe3 12. Qxe3 Nxd2 13. Qxd2 Ne7 (13... Qe7
14. Rfe1 Rad8 15. c3 Na5 16. Bc2 Nc4 17. Qd3 g6 18. b3 Na3 19. Bd1 c5 20. Qd2
a5 21. Qh6 f6 22. exf6 Qxf6 23. Qe3 Bg4 24. Qxc5 Bxf3 25. Bxf3 Nc2 26. Rac1
Nxe1 27. Rxe1 Kh8 28. Rd1 Rfe8 29. h3 Rc8 30. Qxb5 Qxc3 31. Qxd5 Re1+ 32. Rxe1
Qxe1+ 33. Kh2 Qc3 34. g3 Rf8 {1/2-1/2 Voekler,B-Beckemeyer,W/BL9293 1993}) 14.
c3 (14. Qc3 a5 15. a4 b4 16. Qc5 Qd7 17. Nd4 c6 18. c3 bxc3 19. bxc3 Qa7 20.
Qa3 Nf5 21. Nf3 c5 22. Bc2 Rad8 23. Rab1 d4 24. Be4 dxc3 25. Ng5 Bc8 26. Qxc3
h6 27. Nf3 Nd4 28. Rfe1 Nxf3+ 29. Bxf3 Rd4 30. Bc6 Rfd8 31. h3 Rd3 32. Qc1 Rd2
33. Bb5 c4 34. Rf1 Bf5 35. Rb2 Rxb2 36. Qxb2 Qd4 37. Qxd4 Rxd4 38. Rc1 Be6 {
Dvoirys,S-Korneev,S/Moscow op 1990/1/2-1/2 (51)}) (14. Rad1 c5 15. c3 Qc7 16.
Rfe1 Rad8 17. Qg5 Ng6 18. Qh5 h6 19. Bc2 Nf4 20. Qh4 Ng6 21. Qh5 {1/2-1/2 May,
J-Florjaneic,R/Triberg rapid 1991}) 14... c5 15. Bc2 (15. h3 a5 16. Rad1 b4 17.
Ba4 bxc3 18. bxc3 Qc7 19. Rfe1 Rad8 20. Qe2 h6 21. Rd2 Rb8 22. Bc2 Rfd8 23.
Red1 Qc6 24. a4 Bf5 25. Bxf5 {1/2-1/2 Balashov,Y-Korneev,O/Katowice op 1992})
15... Qd7 $1 (15... Bg4 $143 16. Qe3 (16. Qf4 Qd7)) 16. b4 $6 {><c3} Rac8 $1
17. bxc5 Rxc5 18. Nd4 Rfc8 19. f4 (19. Rac1 Qc7 20. f4 Rxc3 $1 21. f5 Bxf5 $1
22. Nxf5 Nxf5 $19) 19... Nf5 $6 (19... Rxc3 $3 20. f5 (20. Rac1 Qc7 $1) 20...
Rxc2 $1 21. Nxc2 (21. fxe6 Rxd2 22. exd7 Rd8 $17 23. e6 $5 (23. Nb3 Re2 $1)
23... Rxd4 24. Rxf7 Nc6 {/\Re4} 25. Rc1 Rc4 26. Re1 Re4 27. Rxe4 dxe4 $19 {
/\e4-e3-e2} 28. Kf2 $140 $6 Rf8) 21... Nxf5 $15 {/\Qc7;/\Rc4! and Qc7}) 20.
Rac1 $1 {/\g4!} R5c7 $1 (20... h6 $6 21. g4 $1 Nxd4 22. cxd4 Rxc2 23. Rxc2 Bxg4
24. Rxc8+ Qxc8 25. Rc1 $16) 21. Bxf5 $1 (21. Bd3) 21... Bxf5 22. Nxf5 Qxf5 23.
Qxd5 h6 (23... h5 $5) (23... Rd7 $5 24. Qf3 Rd2 25. Rf2 (25. Rfd1 $140 Rxa2 26.
Qd5 Qe6 $8 27. Qxe6 (27. Qd8+ Qe8 28. Qxe8+ Rxe8 $11) 27... fxe6 $11) 25... Rd3
26. Qb7 Rcd8 $132) 24. Qd2 (24. Qd6 $6 Rxc3 (24... Rc6 $6 25. Qd2) 25. Rxc3
Rxc3 26. Qxa6 Qe4 $1 27. Qxb5 $140 $2 Rc2 28. Rf3 (28. Rf2 Qe3 29. Qf1 Rc1 $19)
28... Qd4+ $1 29. Kh1 Qd2 $1 30. Qf1 Rc1 $19) 24... Rd7 25. Qe2 (25. Qc2 Rd3 $1
(25... Qxc2 26. Rxc2 Rc4 $11 (26... Rd3 27. Rfc1 Rc4 28. g3 g5 $1 $11)) 26. Rf3
$140 $6 Rcxc3 27. Qxc3 Rxc3 28. Rcxc3 (28. Rfxc3 Qxf4 $17) 28... Qb1+ $17)
25... Rc4 $1 26. g3 (26. Qf3 Kh7 $5 {/\Rd3} (26... Rd3 27. Qa8+ Kh7 28. Qxa6
Rd2 29. Qxb5 Qe4 30. Rf3 $13)) 26... Qd3 (26... Rd3 $5 27. Rf3 $140 Rxf3 28.
Qxf3 b4 {/\Qc8} 29. Qa8+ Kh7 {/\bc=/+} 30. Qxa6 $140 Qd3) 27. Qxd3 $1 $11 (27.
Qf3 Qxf3 28. Rxf3 b4 $1 (28... Rd2 29. Rf2 Rd3 30. Rfc2 g5 $11)) 1/2-1/2

[Event "EU-ch 6th"]
[Site "Warsaw"]
[Date "2005.06.23"]
[Round "6"]
[White "Kotronias, Vasilios"]
[Black "Mamedyarov, Shakhriyar"]
[Result "1-0"]
[WhiteElo "2578"]
[BlackElo "2646"]
[Annotator "Mikhalevski,V"]
[PlyCount "73"]
[EventDate "2005.06.18"]
[EventType "swiss"]
[EventRounds "13"]
[EventCountry "POL"]
[SourceTitle "CBM 108"]
[Source "ChessBase"]
[SourceDate "2005.09.26"]
[SourceVersion "1"]
[SourceVersionDate "2005.09.26"]
[SourceQuality "1"]

1. e4 e5 2. Nf3 Nc6 3. Bb5 a6 4. Ba4 Nf6 5. O-O Nxe4 6. d4 b5 7. Bb3 d5 8. dxe5
Be6 9. Be3 Bc5 $6 {Despite this move was played by both Kramnik and Anand, it
looks wrong as exchange of the dark-squared bishops favours White. It's not a
big surprise that statistics of this move is also bad.} 10. Qe2 {White is
protecting the bishop in order to take control over the c5-square after
recapture on e3.} (10. Qd3 {sometimes transposes into 10.Qe2, however in the
following game it had an independent meaning. See Pelletier,Y-Hracek,Z, Calvia
ol 2004/CBM 104 [ Pelletier,Y]}) 10... O-O ({After} 10... Qe7 11. Rd1 Rd8 12.
Nbd2 Bxe3 13. Qxe3 Nc5 14. c3 O-O 15. Nd4 Nxd4 $6 16. cxd4 Nb7 17. Nf3 $14 {
[%csl Rb7] White obtained advantage in the game Akopian,V-Adianto,U, FIDE WCh
KO Tripoli 2004/ CBM 102[Postny,E]}) 11. Rd1 (11. Nbd2) 11... Na5 {A favourite
move of the Hungarian player Honfi, which is a very rare guest in the modern
practice. It seems that Black is going to exchange the knight for the
light-squared bishop, but in fact Black simply opens the way for the c-pawn
while the knight will keep his intentions close for public.} (11... Ne7 {
is more popular these days though the line itself is rather uncommon. Frankly
speaking, I like the knight on e7 more than on a5.} 12. c3 c6 13. Nd4 Bb6 14.
Bc2 Qc7 15. f3 Nc5 16. f4 Ne4 17. Nd2 Nxd2 18. Rxd2 c5 19. Nf3 Rad8 {0-1
Sokolov,A-Korneev,O/Bad Woerishofen 1992/TD (31). (31) and with the control
over the f5-square while preparing d4 Black looks OK.}) ({An immediate
exchange on e3} 11... Bxe3 $5 {was tested by many good players including
Smyslov. Here is a recent example:} 12. Qxe3 Ne7 13. c3 Nf5 14. Qe2 Nc5 15. Bc2
Nh4 $1 {1-0 Shabalov,A-Garcia,G/Buenos Aires ARG 2005/The Week in Chess 562 
(46). (45) and Black was close to equality.}) 12. Nbd2 Bxe3 13. Qxe3 Nxd2 14.
Rxd2 c6 $5 {[%csl Rc5] It would be nice to play c5 at some point, but first
Black wants to free the queen from defense of the d5-pawn.} 15. c3 (15. Nd4 Qb6
16. c3 c5 17. Nxe6 fxe6 18. Re2 Nxb3 19. axb3 a5 20. Rd1 b4 21. c4 d4 22. Qe4
a4 23. bxa4 Rxa4 24. b3 Ra3 25. Rd3 Rf4 {0-1 Kovacs,L-Honfi,K/Hungary 1965/MCD
(25)}) 15... Qc7 16. Re1 {Only this move is new.} ({Earlier White tested} 16.
Nd4 c5 17. Ne2 Rfd8 18. Rad1 Nxb3 19. axb3 a5 $2 {Black blunders a pawn in an
approximately equal position.} (19... Rd7 $5) 20. Nf4 c4 21. Nxd5 Bxd5 22. Rxd5
cxb3 $2 {[%tqu "En","","","","e3a7","This beautiful tactical resource finishes
the game. 1-0 Minic,D-Honfi,K/Vrnjacka Banja 1966/EXT 99 (23).",10]} 23. Qa7 $1
{1-0 Minic,D-Honfi,K/Vrnjacka Banja 1966/EXT 99 (23). This beautiful tactical
resource finishes the game.}) ({Mamedyaroc suffered a loss also after} 16. h3
Rae8 17. Re1 Bf5 $1 18. Rde2 Be4 19. Nd2 Bg6 $11 {1-0 Socko,B-Mamedyarov,S/
Warsaw POL 2005 (50). (49) A very unlucky line for the Azerbaijani player.})
16... Rae8 {It seems that instead of concentrating on advancing the c-pawn to
c5 Black rather thinks of the e5-pawn and the manoeuvre Bf5-e4, which he
applied in his game vs Socko.} 17. Qg5 {White prevents Bf5 directly.} h6 18.
Qg3 Nxb3 $5 {Black switches to the initial plan.} ({After the queen left the
e3-square and the idea of Nc4 is not longer a threat the idea of} 18... Bf5 {
[%cal Gf5e4] is easily met by} 19. Bc2 {[%csl Ra5] and White has a slight edge
thanks to a misplaced knight on a5.}) 19. axb3 c5 {It seems that Black is in
full control of the position, but next White's move shows that not everything
is clear yet.} 20. b4 $1 {[%csl Gd4] White is fighting for the d4-square.} cxb4
21. cxb4 Rc8 ({An immediate attack of the b4-pawn would lead to a similar to
the game position after} 21... Qc4 22. Nd4 {[%cal Gf2f4,Gf4f5]}) 22. h3 {
White shows that he's not in a hurry and makes a useful prophylaxis.} Qe7 {
[%csl Rb4]} 23. Nd4 $1 {[%cal Gf2f4,Gf4f5] White is ignoring the threat and
preparing advance of the f-pawn.} Qxb4 24. Qe3 $1 {Now a threat of f4-f5-f6 is
very annoying.} Rfe8 {Shakhriyar is trying to create counterplay along the
e-file.} 25. f4 Bd7 $1 26. Kh2 $1 {And again psychological pressure on the
opening. White improves his position saying try to do something versus my main
plan with f5.} a5 27. Ree2 {[%csl Gd2][%cal Ge3g3] Protecting the other bishop
White frees the queen.} Re7 28. Qg3 $1 {Everything is ready for f5, but} Rce8 {
[%csl Rd2,Re5] Black is doing his best to prevent f5, but it turns out to be
not enough.} 29. Rd3 $1 ({Of course not} 29. f5 $2 Rxe5 $1 {[%csl Rd2]} 30. Ne6
({or} 30. Rxe5 Rxe5 31. Qxe5 Qxd2) 30... R5xe6 31. fxe6 Rxe6 {and with three
pawns for an exchange Black should be fine.}) 29... Qc4 30. Rc2 Qb4 31. Rc7 $1
{[%cal Gf4f5] Temporarily sacrificing another pawn.} Qxb2 32. f5 $18 {[%cal
Gf5f6] White has succeeded in advancing the f-pawn to f5 after which Black's
position is hardly defensible.} Rxe5 {The only way to stop f6.} 33. Rxd7 {
In this position an extra piece worth much more than three pawns and White
decides the game with a direct attack on the king.} a4 34. Rc3 $1 {[%cal Gc3c7]
} b4 35. Ne6 {This way White wins another exchange. However at his disposal
there were two beautiful forced wins.} (35. Rxf7 $1 {would be the simplest way
to a win.} Kxf7 36. Qg6+ Kf8 37. f6 $1 gxf6 38. Qxf6+ Kg8 39. Qg6+ Kh8 40.
Qxh6+ Kg8 41. Rg3+ {with mate in two.}) ({While} 35. Rcc7 $1 {wins in style.}
Re3 ({or} 35... Qxd4 36. Rxf7 g5 37. Rg7+ Kh8 38. Rh7+ Kg8 39. Rcg7+ Kf8 40. f6
{[%cal Gh7h8]}) {[%tqu "En","Try to find a forced win.","","","g3g7","",10]}
36. Qxg7+ Kxg7 37. Rxf7+ Kg8 38. Rg7+ Kh8 39. Rh7+ Kg8 40. Rcg7+ Kf8 41. f6 $3
{[%cal Gh7h8] and with an extra queen on the board Black can't prevent mate
from h8.}) 35... g5 $2 {loses on the spot.} ({Probably Black didn't want to
suffer after} 35... R8xe6 36. fxe6 Rxe6 37. Rc8+ Kh7 38. Rxd5 $18 {though
there are still some practical chances here.}) 36. fxg6 fxe6 (36... f6 37. Rg7+
Kh8 38. Rcc7 R5xe6 39. Rh7+ Kg8 40. g7 $1 $18 {[%cal Gh7h8]}) 37. Qf4 (37. Qxe5
{wins even faster but also the move in the game is good enough.} Qxc3 38. Rg7+
Kf8 39. Qf4+ $1 Kxg7 40. Qf7+ Kh8 41. Qh7#) 1-0